¿Humano o cristiano? (Record no. 36869)

MARC details
000 -LEADER
campo de control de longitud fija 00713nam a2200229 i 4500
001 - NÚMERO DE CONTROL
campo de control 36869
003 - IDENTIFICADOR DE NÚMERO DE CONTROL
campo de control ES-MaACL
005 - FECHA Y HORA DE LA ÚLTIMA TRANSACCIÓN
campo de control 20230906155446.0
007 - CAMPO FIJO DE DESCRIPCIÓN FÍSICA--INFORMACIÓN GENERAL
campo de control de longitud fija t|
008 - DATOS DE LONGITUD FIJA--INFORMACIÓN GENERAL
campo de control de longitud fija 030219s1966 sp ||||1| spa d
100 1# - ENTRADA PRINCIPAL--NOMBRE DE PERSONA
Nombre de persona Bouyer, Louis (
Fechas asociadas al nombre 1913-2004)
9 (RLIN) 31095
245 11 - MENCIÓN DEL TÍTULO
Título ¿Humano o cristiano?
Resto del título : antinomias de un humanismo cristiano /
Mención de responsabilidad, etc. Louis Bouyer ; [tradujeron J.M. Pérez y J.L. Sandoval].
260 ## - PUBLICACIÓN, DISTRIBUCIÓN, ETC.
Lugar de publicación, distribución, etc. Salamanca :
Nombre del editor, distribuidor, etc. Sígueme,
Fecha de publicación, distribución, etc. 1966.
300 ## - DESCRIPCIÓN FÍSICA
Extensión 129 p. ;
Dimensiones 19 cm.
490 1# - MENCIÓN DE SERIE
Mención de serie Estela ;
Designación de volumen o secuencia 36
650 #4 - PUNTO DE ACCESO ADICIONAL DE MATERIA--TÉRMINO DE MATERIA
Término de materia o nombre geográfico como elemento de entrada Humanismo cristiano.
9 (RLIN) 165808
700 1# - ENTRADA AGREGADA--NOMBRE PERSONAL
Nombre de persona Pérez, J. M.
9 (RLIN) 90580
700 1# - ENTRADA AGREGADA--NOMBRE PERSONAL
Nombre de persona Sandoval, J. L.
9 (RLIN) 103103
830 1# - PUNTO DE ACCESO ADICIONAL DE SERIE-TÍTULO UNIFORME
Título uniforme Estela ;
Designación de volumen o secuencia 36
9 (RLIN) 181322
852 ## - LOCALIZACIÓN
Ubicación ES-MaACL
Número de control de estantería C-45315
Holdings
Estatus retirado Estado de pérdida Estado de daño No para préstamo Biblioteca de origen Biblioteca actual Ubicación en estantería Fecha de adquisición Fuente de adquisición Total de préstamos Signatura topográfica completa Código de barras Visto por última vez Precio de reemplazo Tipo de ítem Koha
        Biblioteca del Ateneo de Madrid Biblioteca del Ateneo de Madrid Depósito 2 17/01/2008     C-45315 1038774 23/02/2023 23/02/2023 Libro impreso